Statistics for Roads in NSW

Click here to take the quiz!

General Stats

  • This quiz has been taken 21 times
  • The average score is 64 of 115

Answer Stats

Answer% Correct
A1
100%
A2
100%
A3
100%
A4
100%
A6
100%
A8
100%
A9
100%
M1
100%
M2
100%
M4
100%
M5
100%
M7
100%
M8
100%
A15
83%
A22
83%
A28
83%
A32
83%
A34
83%
A36
83%
A38
83%
A40
83%
A44
83%
A49
83%
M15
83%
M23
83%
M31
83%
A20
75%
A25
75%
A37
75%
A39
75%
A41
75%
A43
75%
A48
75%
B51
67%
B52
67%
B53
67%
B55
67%
B56
67%
B59
67%
B65
67%
B68
67%
B72
67%
B73
67%
B76
67%
B23
58%
B57
58%
B58
58%
B60
58%
B62
58%
B63
58%
B64
58%
B69
58%
B70
58%
B71
58%
B74
58%
B75
58%
B78
58%
B79
58%
B81
58%
B82
58%
B83
58%
B84
58%
B85
58%
B87
58%
B88
58%
B89
58%
B91
58%
B94
58%
B95
58%
D1
58%
D5
58%
Tourist Drive 1
42%
Tourist Drive 15 Fitzroy Falls
42%
Tourist Drive 1 Cooma
42%
Tourist Drive 1 Jenolan Caves
42%
Tourist Drive 12
33%
Tourist Drive 12 Picton
33%
Tourist Drive 2
33%
Tourist Drive 4 Inverell
33%
Tourist Drive 4 Jervis Bay
33%
Tourist Drive 5
33%
Tourist Drive 9 Jamberoo
33%
Grand Pacific Drive
25%
Tourist Drive 10 Ocean Drive
25%
Tourist Drive 11 Mount Keira
25%
Tourist Drive 13 Wombeyan Caves
25%
Tourist Drive 14 & 15 Nambucca Heads
25%
Tourist Drive 14 Moss Vale
25%
Tourist Drive 16 Bellingen Shire
25%
Tourist Drive 16 Bundanoon
25%
Tourist Drive 17
25%
Tourist Drive 17 Berrima
25%
Tourist Drive 18
25%
Tourist Drive 19
25%
Tourist Drive 21
25%
Tourist Drive 22
25%
Tourist Drive 24 Bangalow
25%
Tourist Drive 25
25%
Tourist Drive 26 Evans Heads
25%
Tourist Drive 27
25%
Tourist Drive 28 Ballina
25%
Tourist Drive 30 Byron Bay
25%
Tourist Drive 32 Mount Burrell
25%
Tourist Drive 33 Wollombi
25%
Tourist Drive 34
25%
Tourist Drive 36
25%
Tourist Drive 38 Tweed Coast Way
25%
Tourist Drive 40 Brunswick Valley
25%
Tourist Drive 42 Tomewin
25%
Tourist Drive 6 The Lakes Way
25%
Tourist Drive 7 Kangaroo Valley
25%
Tourist Drive 7 Oracle's Way
25%
Tourist Drive 8
25%
Tourist Drive 8 Manning Valley
25%
Blue Mountains Drive
17%

Score Distribution

Percentile by Number Answered

Percent of People with Each Score

Your Score History

You have not taken this quiz